00865nam a2200217 a 4500008004100000020001500041050002200056100003000078245008200108260004900190300002300239350000900262650003100271650003000302650001700332650001000349700002400359995010900383999001700492952013800509101110s2004 ||||||||||||||||| || u a0521036747 aQH 541.15.E19 Rod aRodriguez-Iturbe, Ignacio10aEcohydrology of water-controlled ecosystems: soil moisture and plant dynamics aCambridge:bCambridge University Pressc2004 axviii, 442p.: ill. a0.00 aPLANT--WATER RELATIONSHIPS aPLANT--SOIL RELATIONSHIPS aECOHYDROLOGY aWATER aPorporato, Amilcare D0.00FCBU-MAIN LIBRARY (Kitwe)H1I0.00M1UAVAILABLEWNov 23, 2010ZMain Library Open Access Collection c40691d40691 00102lcc4070a001b001cMain Library Open Access Collectiond2022-11-30l0oQH 541.15.E19 Rodp742208r2022-11-30w2022-11-30y002